1718 1923 1093 1159 1569 1798 1218 1388 1725 1096 1828 1413 1869 1354 1291 1332 1068 1886 1651 1718 1047 1703 1518 1713 1238 1110 1939 1951 1963 1469 1727 1263 1055 1957 1193 1926 1190 1508 1720 1952 1029 1023 1586 1776 1278 1802 1045 1801 1213 1807 1432 1648 1361 1330 1376 1037 1345 1375 1034 1479 1395 1318 1346 1540 1877 1968 1079 1931 1772 1521 1543 1554 1619 1819 1079 1967 1579 1915 1403 1486 1802 1588 1068 1322 1779 1988 1401 1210 1471 1673 1327 1025 1924 1833 1394 1606 1771 1078 1711 BCNSPRNW ULIB Ver.6.0+V

เปลี่ยนเป็นภาษาไทย

Change to English
 แสดงรายละเอียดบรรณานุกรม
  กลับหน้าหลัก

Brief Record : Get Marc (ISO 2709) : E-mail record : QR code < ปิดหน้าต่าง
LEADER : 00000nam 2200000uu 4500
001    13399124935
003     ULIB
008    160518s2548||||th 000 0 tha d
020    9789749906200
099    ^aนว.ม111ส
100    ^aคึกฤทธิ์ ปราโมช
245    ^aสี่แผ่นดิน
260    ^a ^bนานมีบุคส์,^c2548
945    ^p695^l0^i023620
999    ^aเกษร โพธิ์สุวรรณ
รายการนี้ยังไม่มีแท็ก
คุณยังไม่ได้ล็อกอิน คุณสามารถมีกิจกรรมร่วมกับเว็บไซต์ได้ แต่ต้องล็อกอินก่อน ::
  ล็อกอิน

รายการสื่อสารสนเทศ

ลำดับที่ ประเภท เลขเรียก/บาร์โค้ด สถานที่ สถานะ
1. นวนิยาย
นวนิยาย
นว.ม111ส ฉ.1 
  Barcode: 023620
ห้องสมุดวิทยาเขตสวรรค์ประชารักษ์
►นวนิยาย
ถูกยืม กำหนดส่งวันที่ 6 มีนาคม 2567
  จอง

รายการใกล้เคียง
    ชื่อเรื่อง [สี่แผ่นดิน]

BibComment


ยังไม่เคยถูกคอมเมนท์

คอมเมนท์ทรัพยากรรายการนี้
  คอมเมนท์: สี่แผ่นดิน


 Copyright 2026. Bcnsprnw @Library